Catálogo público

Conservación y aprovechamiento de productos alimenticios / (Record no. 173382)

MARC details
000 -CABECERA
campo de control de longitud fija 00806nam a2200277Ia 4500
001 - NÚMERO DE CONTROL
campo de control dia_2885
003 - IDENTIFICADOR DEL NÚMERO DE CONTROL
campo de control CHAP
005 - FECHA Y HORA DE LA ÚLTIMA TRANSACCIÓN
campo de control 20230331132824.0
008 - DATOS DE LONGITUD FIJA--INFORMACIÓN GENERAL
campo de control de longitud fija 220117s1953 xx 000 0 und d
010 ## - NÚMERO DE CONTROL DE LA BIBLIOTECA DEL CONGRESO
Número de control de LC 173382
040 ## - FUENTE DE LA CATALOGACIÓN
Centro/agencia transcriptor CHAP
082 ## - NÚMERO DE LA CLASIFICACIÓN DECIMAL DEWEY
Número de clasificación 664.028 P33 1953
100 ## - ENTRADA PRINCIPAL--NOMBRE DE PERSONA
Nombre de persona Paczka, Alejandro
9 (RLIN) 84629
245 ## - MENCIÓN DE TÍTULO
Título Conservación y aprovechamiento de productos alimenticios /
Mención de responsabilidad, etc. Alejandro Paczka
250 ## - MENCIÓN DE EDICIÓN
Mención de edición 2a ed.
260 ## - PUBLICACIÓN, DISTRIBUCIÓN, ETC.
Lugar de publicación, distribución, etc. México :
Nombre del editor, distribuidor, etc. Bartolome Trucco,
Fecha de publicación, distribución, etc. 1953
300 ## - DESCRIPCIÓN FÍSICA
Extensión 547 p.
500 ## - NOTA GENERAL
Nota general Material fotocopiado
590 ## - NOTA LOCAL (RLIN)
Nota local TX357 P33 1953
650 ## - PUNTO DE ACCESO ADICIONAL DE MATERIA--TÉRMINO DE MATERIA
Término de materia o nombre geográfico como elemento de entrada Food preservation
9 (RLIN) 147450
650 ## - PUNTO DE ACCESO ADICIONAL DE MATERIA--TÉRMINO DE MATERIA
Término de materia o nombre geográfico como elemento de entrada Preservación de alimentos
9 (RLIN) 144378
901 ## - ELEMENTOS DE DATOS A LOCAL LDA (RLIN)
a 664.028 P33 1953
902 ## - ELEMENTOS DE DATOS B LOCAL, LDB (RLIN)
a M
905 ## - ELEMENTOS DE DATOS E LOCAL, LDE (RLIN)
a 5232271953 mx an 8122123322spa16
942 ## - ELEMENTOS DE PUNTO DE ACCESO ADICIONAL (KOHA)
Tipo de ítem Koha Libro
Fuente del sistema de clasificación o colocación Dewey Decimal Classification
Holdings
Estado de retiro Estado de pérdida Fuente del sistema de clasificación o colocación Estado dañado No para préstamo Código de colección Localización permanente Ubicación/localización actual Fecha de adquisición Información codificada de la localización en otra ubicación Total de préstamos Signatura topográfica completa Código de barras Fecha visto por última vez Número de copia Precio válido a partir de Tipo de ítem Koha
    Dewey Decimal Classification     General Ingenieria Agroindustrial Ingenieria Agroindustrial 18/01/2022 1   664.028 P33 1953 dia_001972 18/01/2022 2 18/01/2022 Libro
    Dewey Decimal Classification     General Ingenieria Agroindustrial Ingenieria Agroindustrial 18/01/2022 1   664.028 P33 1953 dia_001971 18/01/2022 1 18/01/2022 Libro